Central Library OPAC University of Rajshahi

Management perspectives in retailing / (Record no. 61891)

MARC details
000 -LEADER
fixed length control field 00654nam a2200229 a 4500
001 - CONTROL NUMBER
control field 61891
003 - CONTROL NUMBER IDENTIFIER
rucl marc code BD-RjUL
005 - DATE AND TIME OF LATEST TRANSACTION
control field 20211209081019.0
008 - FIXED-LENGTH DATA ELEMENTS--GENERAL INFORMATION
fixed length control field 170122s1967 enka b 000 0 eng
035 ## - SYSTEM CONTROL NUMBER
System control number (BD-RjUL)62016
040 ## - CATALOGING SOURCE
Original cataloging agency DLC
Transcribing agency DLC
Language of cataloging eng
Modifying agency BD-RjUL
041 ## - LANGUAGE CODE
Language code of text/sound track or separate title eng
082 ## - DEWEY DECIMAL CLASSIFICATION NUMBER
Edition number 23
Classification number 658.87
Author mark and year GIM 1967
100 1# - MAIN ENTRY--PERSONAL NAME
Personal name Gist, Ronald R.,
9 (RLIN) 182646
245 10 - TITLE STATEMENT
Title Management perspectives in retailing /
Statement of responsibility, etc. [by] Ronald R. Gist.
260 ## - PUBLICATION, DISTRIBUTION, ETC. (IMPRINT)
Place of publication, distribution, etc. New York :
Name of publisher, distributor, etc. Wiley,
Date of publication, distribution, etc. 1967
300 ## - PHYSICAL DESCRIPTION
Pagination xi, 366 p. :
Illustrations ill. ;
Size 26 cm.
490 0# - SERIES STATEMENT
Series statement The Wiley marketing series
504 ## - BIBLIOGRAPHY, ETC. NOTE
Bibliography, etc Bibliographical footnotes.
650 #0 - SUBJECT ADDED ENTRY--TOPICAL TERM
Topical term or geographic name as entry element Retail trade.
9 (RLIN) 183416
942 ## - ADDED ENTRY ELEMENTS (KOHA)
Source of classification or shelving scheme Dewey Decimal Classification
Koha item type Books
Holdings
Lost status Source of classification or shelving scheme Damaged status Not for loan Collection code Permanent Location Current Location Shelving location Date acquired Source of acquisition Cost, normal purchase price Total Checkouts Full call number Date last seen Copy number Koha item type
  Dewey Decimal Classification   Not For Loan Non-fiction Central Library, University of Rajshahi Central Library, University of Rajshahi Reading Room 22/07/1971 Zeitlinger 44.00   658.87 GIM 1967 22/01/2017 C-1 Books
  Dewey Decimal Classification     Non-fiction Central Library, University of Rajshahi Central Library, University of Rajshahi   22/07/1971 zeitlinger 44.00   658.87 GIM 1967 04/11/2019 C-2 Books